Pokémon - Les attaques de Ouvrifier - Statistiques

Statistiques générales
  • Ce quiz a été pris 11 fois
  • Le résultat moyen est 9 sur 14
Statistiques - réponses
Niveaux Types Noms des attaques % Correct
Départ Combat Balayage
86%
Niveau 16 Combat Gonflette
86%
Départ Normal Groz'Yeux
86%
Niveau 20 Roche Éboulement
71%
Départ Roche Jet-Pierres
71%
Niveau 48 Roche Lame de Roc
71%
Niveau 12 Normal Puissance
71%
Niveau 54 Combat Surpuissance
71%
Niveau 24 Normal Souplesse
57%
Niveau 36 Combat Dynamo-Poing
43%
Départ Normal Écras'Face
43%
Niveau 42 Combat Marto-Poing
43%
Niveau 60 Combat Mitra-Poing
43%
Niveau 30 Normal Grimace
29%
Aucun quiz correspondant
Distribution des résultats
% des personnes avec chaque résultat
Percentile par nombre de réponses
Votre historique - résultats
Vous n’avez pas pris ce quiz